00350pab a2200121 454500008004000000100001700040245008700057260000900144300001200153362001200165650002400177773002700201180718b1996 xxu||||| |||| 00| 0 eng d aLee, Hansang aInter-industrial externality, production effects and theory of international trade c1996 ap.91-99 aJan-Jun aInternational trade aIndian Economic Review